ბათუმის შოთა რუსთაველის სახელმწიფო უნივერსიტეტის ბიბლიოთეკა

Physical medicine and rehabilitation pocketpedia / (ბიბ.ჩანაწერი № 57489)

000 -LEADER
fixed length control field 01947cam a2200433 i 4500
001 - CONTROL NUMBER
control field 19854385
005 - DATE AND TIME OF LATEST TRANSACTION
control field 20221105210404.0
008 - FIXED-LENGTH DATA ELEMENTS--GENERAL INFORMATION
fixed length control field 170727s2018 nyua bf 001 0 eng
010 ## - LIBRARY OF CONGRESS CONTROL NUMBER
LC control number 2017035590
020 ## - INTERNATIONAL STANDARD BOOK NUMBER
International Standard Book Number 9781620701164 (paperback) 1
035 ## - SYSTEM CONTROL NUMBER
System control number (DNLM)101710150
040 ## - CATALOGING SOURCE
Original cataloging agency DNLM/DLC
Transcribing agency DLC
Description conventions rda
Modifying agency DLC
041 ## - LANGUAGE CODE
Language code of text/sound track or separate title eng
042 ## - AUTHENTICATION CODE
Authentication code pcc
050 00 - LIBRARY OF CONGRESS CALL NUMBER
Classification number RM700
Item number .P468 2018
060 10 - NATIONAL LIBRARY OF MEDICINE CALL NUMBER
Classification number WB 39
080 ## - UNIVERSAL DECIMAL CLASSIFICATION NUMBER
Universal Decimal Classification number 615.8 P-59
082 00 - DEWEY DECIMAL CLASSIFICATION NUMBER
Classification number 615.8/2
Edition number 23
130 0# - MAIN ENTRY--UNIFORM TITLE
Uniform title Physical medicine & rehabilitation pocketpedia.
9 (RLIN) 8820
245 10 - TITLE STATEMENT
Title Physical medicine and rehabilitation pocketpedia /
Statement of responsibility, etc. editors, Matthew Shatzer, DO, Residency Program Director, Assistant Professor, Department of Physical Medicine and Rehabilitation, Donald and Barbara Zucker School of Medicine at Hofstra-Northwell, Hempstead, New York, Howard Choi, MD, Assistant Clinical Professor of Rehabilitation Medicine, Icahn School of Medicine of Mount Sinai, New York, New York.
250 ## - EDITION STATEMENT
Edition statement Third edition.
264 #1 - PRODUCTION, PUBLICATION, DISTRIBUTION, MANUFACTURE, AND COPYRIGHT NOTICE
Place of production, publication, distribution, manufacture New York :
Name of producer, publisher, distributor, manufacturer Demos Medical, an imprint of Springer Publishing,
Date of production, publication, distribution, manufacture, or copyright notice [2018]
300 ## - PHYSICAL DESCRIPTION
Extent ix, 316 pages :
Other physical details illustrations ;
Dimensions 19 cm.
336 ## - CONTENT TYPE
Content type term text
Source rdacontent
337 ## - MEDIA TYPE
Media type term unmediated
Source rdamedia
338 ## - CARRIER TYPE
Carrier type term volume
Source rdacarrier
500 ## - GENERAL NOTE
General note Preceded by: Physical medicine & rehabilitation pocketpedia. 2nd ed. / [edited by] Matthew M. Shatzer.
504 ## - BIBLIOGRAPHY, ETC. NOTE
Bibliography, etc. note Includes bibliographical references and index.
650 12 - SUBJECT ADDED ENTRY--TOPICAL TERM
Topical term or geographic name entry element Physical Therapy Modalities
9 (RLIN) 8821
650 22 - SUBJECT ADDED ENTRY--TOPICAL TERM
Topical term or geographic name entry element Rehabilitation
General subdivision methods
9 (RLIN) 8417
653 ## - INDEX TERM--UNCONTROLLED
keyword მედიცინა
653 ## - INDEX TERM--UNCONTROLLED
keyword ფიზიკური მედიცინა
655 #2 - INDEX TERM--GENRE/FORM
Genre/form data or focus term Handbooks
9 (RLIN) 8822
700 1# - ADDED ENTRY--PERSONAL NAME
Personal name Shatzer, Matthew M.,
Relator term რედაქტორი
9 (RLIN) 8823
700 1# - ADDED ENTRY--PERSONAL NAME
Personal name Choi, Howard,
Relator term რედაქტორი
9 (RLIN) 8824
906 ## - LOCAL DATA ELEMENT F, LDF (RLIN)
a 7
b cbc
c orignew
d 1
e ecip
f 20
g y-gencatlg
942 ## - ADDED ENTRY ELEMENTS (KOHA)
Source of classification or shelving scheme
Koha item type წიგნი
ეგზემპლარები
Withdrawn status Lost status Source of classification or shelving scheme Damaged status Not for loan Permanent Location Current Location Shelving location Date acquired Cost, normal purchase price Full call number Barcode Date last seen Copy number Price effective from Koha item type Public note
          ბათუმის შოთა რუსთაველის სახელმწიფო უნივერსიტეტის მთავარი ბიბლიოთეკა ბათუმის შოთა რუსთაველის სახელმწიფო უნივერსიტეტის მთავარი ბიბლიოთეკა წიგნსაცავი 2020-06-25 174.00 615.8 P-59 60685 2020-06-25 60685 2020-06-25 წიგნი 174 ლ.